Thiết bị lò hơi

Saved in:
Bibliographic Details
Main Author: Nguyễn Tường Tấn
Format: Book
Language:Undetermined
Published: Hà Nội Công nhân kỹ thuật 1982
Subjects:
Tags: Add Tag
No Tags, Be the first to tag this record!
Institutions: Trung tâm Học liệu Trường Đại học Cần Thơ
LEADER 00549nam a2200181Ia 4500
001 CTU_23426
008 210402s9999 xx 000 0 und d
082 |a 621.815 
082 |b T121 
100 |a Nguyễn Tường Tấn 
245 0 |a Thiết bị lò hơi 
245 0 |c Nguyễn Tường Tấn, Nguyễn Công Bằng 
260 |a Hà Nội 
260 |b Công nhân kỹ thuật 
260 |c 1982 
650 |a steam-heating 
904 |i Sáng, 980421 
980 |a Trung tâm Học liệu Trường Đại học Cần Thơ